| 000 | 00588nam a22001937a 4500 | ||
|---|---|---|---|
| 999 |
_c16158 _d16158 |
||
| 003 | AR-CdUCM | ||
| 008 | 190403b ||||| |||| 00| 0 spa d | ||
| 040 |
_aMUNICIPALIDAD PROVINCIAL DEL CUSCO _cBIBLIOTECA MUNICIPAL DEL CUSCO |
||
| 082 |
_aEP / 398 / _bY13 |
||
| 110 |
_aUnicef. _99438 |
||
| 245 |
_aYachachinakusun : _bÑawinchanapaq Qhillpa / |
||
| 260 |
_aLima : _bUnicef, _c2007. |
||
| 300 |
_c28 cm _a27 páginas ; |
||
| 505 | _aContenido : Texto en quechua. | ||
| 650 |
_aIdioma quechua. _927790 |
||
| 650 |
_aCastellano _97963 |
||
| 942 |
_2ddc _cLIBROS |
||
| 945 |
_arum _d2019-05-02 |
||